TOP 15 Largest Movie Markets by Box Office - Statistics

General Stats
  • This quiz has been taken 218 times
  • The average score is 14 of 15
Answer Stats
Box office (billions) Country % Correct
$11.1 United States, Canada
100%
$6.78 China
99%
$1.9 United Kingdom
99%
$1.4 France
97%
$1.6 India
96%
$1.3 Germany
95%
$1.8 Japan
94%
$0.9 Mexico
93%
$0.7 Brazil
91%
$0.8 Russia
89%
$0.6 Spain
88%
$0.7 Italy
87%
$0.9 Australia
83%
$1.5 South Korea
76%
$0.3 Argentina
67%
No matching quizzes found
Score Distribution
Percent of People with Each Score
Percentile by Number Answered
Your Score History
You have not taken this quiz